000 00947nam a2200241 i 4500
001 bg
245 0 0 _aZarządzanie przedsiębiorstwami :
_bstruktury i modele decyzyjne /
_c[red. nauk. Władysław Janasz] ; Uniwersytet Szczeciński.
260 _aSzczecin :
_bWydaw. Naukowe US,
_c1999.
300 _a278 s. :
_brys. ;
_c24 cm.
490 1 _aZeszyty Naukowe. Prace Instytutu Ekonomiki i Organizacji Przedsiębiorstw,
_x1232-5821 ;
_vnr 37
500 _aNr serii gł. 239. - Streszcz. ang. lub niem.
504 _aBibliogr. przy art.
650 9 _aPrzedsiębiorstwo
_xorganizacja
_xzagadnienia
650 9 _aZarządzanie
_xzagadnienia
700 1 _aJanasz, Władysław
_d(1940- ).
_eRed.
710 0 _aUniwersytet Szczeciński
830 0 _aZeszyty Naukowe.
_pPrace Instytutu Ekonomiki i Organizacji Przedsiębiorstw
040 _cBPK
041 0 _apl
_bende
080 _a658.1/.5
942 _cKS
008 s pl f |000 0 pol
999 _c39042
_d39042
856 _uhttp://koha.tu.koszalin.pl/cgi-bin/koha/opac-detail.pl?biblionumber=39042
_yKatalog online BPK